| 000 | 00630nam a2200229Ia 4500 | ||
|---|---|---|---|
| 003 | OSt | ||
| 005 | 20221007071709.0 | ||
| 006 | a|||||r|||| 00| 0 | ||
| 007 | ta | ||
| 008 | 221006b |||||||| |||| 00| 0 eng d | ||
| 024 | _a12,735 | ||
| 037 | _cTextual | ||
| 040 |
_aFLL _cFLL _beng |
||
| 041 |
_2eng _aeng |
||
| 082 | _aV3:28:N3, H1 | ||
| 100 |
_aCohen E.W. Au. _9689235 |
||
| 245 | 0 | _aGrowth of the british civil service 1780-1939 | |
| 260 |
_aLondon _bGeorge allen and unwin ltd. London _c1941 |
||
| 300 |
_a221p _ccm. |
||
| 942 |
_hV3:28:N3, H1 _cTEXL _2CC |
||
| 999 |
_c1144004 _d1144004 |
||